1360 1834 1883 1460 1774 1777 1865 1905 1624 1067 1881 1397 1096 1465 1931 1809 1849 1868 1055 1428 1271 1390 1329 1499 1624 1975 1910 1642 1072 1681 1094 1294 1131 1674 1490 1015 1305 1897 1702 1587 1963 1829 1934 1879 1577 1008 1048 1614 1464 1365 1389 1715 1788 1329 1007 1815 1478 1843 1114 1417 1280 1362 1728 1507 1263 1146 1254 1346 1474 1531 1591 1452 1990 1480 1015 1795 1322 1624 1132 1243 1004 1048 1251 1300 1069 1206 1176 1730 1953 1269 1106 1264 1220 1478 1020 1750 1110 1282 1192 BCNSPRNW ULIB Ver.6.0+V

เปลี่ยนเป็นภาษาไทย

Change to English
 แสดงรายละเอียดบรรณานุกรม
  กลับหน้าหลัก

Brief Record : Get Marc (ISO 2709) : E-mail record : QR code < ปิดหน้าต่าง
LEADER : 00000nam 2200000uu 4500
001    13399124343
003     ULIB
008    150511s2552||||th 000 0 tha d
020    ^a9786167052618
099    ^aนว ว257อ
100    ^aวรรณวรรธน์
245    ^aอขิทโร ลูกปัดมนตรา เล่ม 1
250    ^aพิมพ์ครั้งที่ 3
260    ^aกรุงเทพฯ :^bณ บ้านวรรณกรรม กรุ๊ป,^c2552
300    ^a312 หน้า
650    ^aวรรณวรรธน์^xนิยาย
945    ^p240^l0^i039387
999    ^aเกษร โพธิ์สุวรรณ
รายการนี้ยังไม่มีแท็ก
คุณยังไม่ได้ล็อกอิน คุณสามารถมีกิจกรรมร่วมกับเว็บไซต์ได้ แต่ต้องล็อกอินก่อน ::
  ล็อกอิน

รายการสื่อสารสนเทศ

ลำดับที่ ประเภท เลขเรียก/บาร์โค้ด สถานที่ สถานะ
1. นวนิยาย
นวนิยาย
นว ว257อ ฉ.1 
  Barcode: 039387
ห้องสมุดวิทยาเขตสวรรค์ประชารักษ์
►นวนิยาย
บนชั้น
  ขอยืม

รายการใกล้เคียง
    ผู้แต่ง [วรรณวรรธน์]

BibComment


ยังไม่เคยถูกคอมเมนท์

คอมเมนท์ทรัพยากรรายการนี้
  คอมเมนท์: อขิทโร ลูกปัดมนต..


 Copyright 2026. Bcnsprnw @Library